| 000 | 00809cam a2200217 4500 | ||
|---|---|---|---|
| 001 | WB3645-04 | ||
| 008 | 000000n2000 000 0 eng u | ||
| 035 | _a(Sirsi) u109332 | ||
| 245 | _aHSE cracks down on asthma triggers | ||
| 260 | _c2000 | ||
| 490 |
_aContract Journal _v406(6302) 8 November 2000, 8(1) |
||
| 520 | _aHSE proposals mean that building contractors may be required within two years to follow a code of practice designed to reduce the problem of occupational asthma. Comments on the proposals can be sent to the HSE's Chemicals Policy Division before 16 February 2001. | ||
| 590 | _aWB | ||
| 650 | _aASTHMA | ||
| 650 | _aOCCUPATIONAL HEALTH | ||
| 650 | _aHSE | ||
| 650 | _aCODE OF PRACTICE | ||
| 650 | _aPROPOSALS | ||
| 690 | _aBUILT ENVIRONMENT-BUILDING STANDARDS | ||
| 942 | _n0 | ||
| 999 |
_c65260 _d65260 |
||